[Event "DEM U10 2011"]
[Site "Oberhof GER"]
[Date "2011.06.17"]
[Round "9"]
[White "Mätzkow, Maximilian Paul"]
[Black "Baberz, Alexander"]
[Result "1-0"]
[Termination "normal"]
[Board "1"]
[WhiteElo "1597"]
[BlackElo "1854"]
[PlyCount "75"]
[WhiteFideId "24679933"]
[BlackFideId "12921734"]
[EventCountry "GER"]
[EventRounds "11"]
[EventType "swiss"]
[EventDate "2011.06.11"]

1. d4 d5 2. c4 e6 3. Nc3 c5 4. cxd5 exd5 5. dxc5 d4 6. Ne4 Nc6 7. Bf4 Nf6 8.
Nd6+ Bxd6 9. cxd6 Ne4 10. Nf3 g5 11. Bg3 g4 12. Nd2 Nxg3 13. hxg3 Qxd6 14. Qc2
Be6 15. Rxh7 Rxh7 16. Qxh7 Nb4 17. a3 Nc6 18. Ne4 Qd8 19. Nf6+ Ke7 20. Qh4 Kd6
21. b4 a5 22. b5 Ne5 23. Rd1 Kc7 24. Qg5 Qd6 25. Qf4 Rd8 26. Ne4 Qd5 27. e3 Bf5
28. Rxd4 Qe6 29. Bc4 Qe7 30. Rxd8 Kxd8 31. Qxf5 Nxc4 32. Qd5+ Ke8 33. Qxc4 Qxa3
34. Qc8+ Ke7 35. Qc5+ Qxc5 36. Nxc5 b6 37. Na4 Kd6 38. Kd2 1-0

[Event "DEM U10 2011"]
[Site "Oberhof GER"]
[Date "2011.06.17"]
[Round "9"]
[White "Sahki, Saphir"]
[Black "Rockmann, Jan-Okke"]
[Result "0-1"]
[Termination "normal"]
[Board "4"]
[WhiteElo "1597"]
[BlackElo "1294"]
[PlyCount "126"]
[WhiteFideId "26028450"]
[BlackFideId "12942111"]
[EventCountry "GER"]
[EventRounds "11"]
[EventType "swiss"]
[EventDate "2011.06.11"]

1. e4 e6 2. d4 d5 3. exd5 exd5 4. Bf4 Nf6 5. Nf3 Bd6 6. Bg5 O-O 7. Be2 c6 8.
O-O Re8 9. Nc3 Bf5 10. h3 Nbd7 11. Bd3 Bxd3 12. Qxd3 Qb6 13. Rab1 Ne4 14. Rfe1
Nxg5 15. Nxg5 Nf6 16. b3 h6 17. Nf3 Qc7 18. Re2 Bb4 19. Ne5 Qa5 20. Na4 Ne4 21.
f3 Ng3 22. Rf2 Be1 23. b4 Bxf2+ 24. Kxf2 Qxa4 25. Kxg3 Qxa2 26. Rf1 a5 27. bxa5
Qxa5 28. Kh2 Qc7 29. Kh1 c5 30. f4 Rac8 31. Rf3 cxd4 32. Qxd4 Qc5 33. Qb2 f6
34. Nd3 Qc7 35. Rg3 Qf7 36. Nb4 Red8 37. Nd3 Rd7 38. f5 Rdc7 39. Nf4 Rxc2 40.
Qb3 d4 41. Nd5 Kh8 42. Nf4 Qxb3 43. Rxb3 R2c7 44. Ne6 Rd7 45. Kg1 d3 46. Rb1 d2
47. Rf1 Rc1 48. Rxc1 dxc1=Q+ 49. Kh2 Rd1 50. h4 Rh1+ 51. Kg3 Qe3+ 52. Kg4 h5+
53. Kxh5 Qh6+ 54. Kg4 Qxh4+ 55. Kf3 Rf1+ 56. Ke3 Qe1+ 57. Kd4 Rf2 58. Kd5 Rd2+
59. Nd4 Qe5+ 60. Kc4 Rxd4+ 61. Kb3 Qe3+ 62. Ka2 Rd2+ 63. Kb1 Qe1# 0-1

[Event "DEM U10 2011"]
[Site "Oberhof GER"]
[Date "2011.06.17"]
[Round "9"]
[White "Martin, Julian"]
[Black "Laubrock, Paul"]
[Result "1-0"]
[Termination "normal"]
[Board "5"]
[WhiteElo "1321"]
[BlackElo "1546"]
[PlyCount "49"]
[WhiteFideId "12941000"]
[BlackFideId "1270509"]
[EventCountry "GER"]
[EventRounds "11"]
[EventType "swiss"]
[EventDate "2011.06.11"]

1. e4 c5 2. Nf3 Nc6 3. d4 cxd4 4. Nxd4 g6 5. Nc3 Bg7 6. Be3 Nf6 7. f3 Qb6 8. b3
Nxe4 9. fxe4 Bxd4 10. Nd5 Qa5+ 11. b4 Nxb4 12. Bxd4 Nxd5+ 13. Kf2 e5 14. Bxe5
Nc3 15. Qd4 Nxe4+ 16. Qxe4 O-O 17. Qd4 f6 18. Bc4+ Kg7 19. Bg3 Qf5+ 20. Kg1
Qxc2 21. h3 Re8 22. Qd5 Re6 23. Kh2 Qb2 24. Qd3 Re2 25. Qxe2 1-0

[Event "DEM U10 2011"]
[Site "Oberhof GER"]
[Date "2011.06.17"]
[Round "9"]
[White "Kölz, Niklas"]
[Black "Kuhn, Magnus"]
[Result "0-1"]
[Termination "normal"]
[Board "6"]
[WhiteElo "1479"]
[BlackElo "1579"]
[PlyCount "98"]
[WhiteFideId "12971758"]
[BlackFideId "12926345"]
[EventCountry "GER"]
[EventRounds "11"]
[EventType "swiss"]
[EventDate "2011.06.11"]

1. c4 c6 2. g3 d5 3. Bg2 Nf6 4. Nf3 Bg4 5. h3 Bh5 6. b3 e6 7. Bb2 Bg6 8. d3
Bb4+ 9. Bc3 Bxc3+ 10. Nxc3 O-O 11. O-O Re8 12. Nh4 Nbd7 13. Nxg6 hxg6 14. e4 d4
15. Ne2 e5 16. f4 Qb6 17. Rb1 Rad8 18. b4 Qc7 19. a4 b6 20. Qd2 c5 21. b5 Ra8
22. Ra1 a6 23. Rfb1 Ra7 24. Kh2 Rea8 25. a5 Rb8 26. axb6 Rxb6 27. bxa6 Rbxa6
28. Rxa6 Rxa6 29. Rc1 Qa7 30. g4 Ra2 31. Rc2 Rxc2 32. Qxc2 exf4 33. Nxf4 Qc7
34. Qf2 g5 35. Kg3 gxf4+ 36. Qxf4 Qe5 37. Kf3 g5 38. Qd2 Kg7 39. Bf1 Nf8 40.
Kf2 Ng6 41. Ke1 Qg3+ 42. Qf2 Qxf2+ 43. Kxf2 Nf4 44. Ke1 Nd7 45. Kd2 Ne5 46. Kc2
Kf6 47. Kd2 Nexd3 48. Bxd3 Nxd3 49. Kxd3 Ke5 0-1

[Event "DEM U10 2011"]
[Site "Oberhof GER"]
[Date "2011.06.17"]
[Round "9"]
[White "Tong, Kevin"]
[Black "Fieberg, Samuel"]
[Result "0-1"]
[Termination "normal"]
[Board "7"]
[WhiteElo "1345"]
[BlackElo "1762"]
[PlyCount "72"]
[WhiteFideId "12913944"]
[BlackFideId "12901717"]
[EventCountry "GER"]
[EventRounds "11"]
[EventType "swiss"]
[EventDate "2011.06.11"]

1. e4 e5 2. Nf3 Nc6 3. d4 exd4 4. Nxd4 Nf6 5. Nc3 Qe7 6. Bg5 d5 7. Bxf6 gxf6 8.
Bb5 Bd7 9. Nxc6 bxc6 10. Bd3 dxe4 11. Ba6 Bg7 12. O-O O-O 13. Qe2 Rfe8 14. Rfe1
f5 15. Rad1 Rad8 16. Kh1 Qb4 17. Qc4 Qxb2 18. Na4 Qf6 19. Nc5 Be6 20. Qa4 Qc3
21. Nxe6 fxe6 22. Bb7 Rd6 23. Rb1 Red8 24. Qb3 Qd2 25. Kg1 Bd4 26. Rf1 Kf7 27.
Rbd1 Bxf2+ 28. Rxf2 Qxd1+ 29. Rf1 Qd4+ 30. Kh1 Rg8 31. Rxf5+ Ke7 32. Rf1 Qf2
33. Rg1 Rd1 34. Qxe6+ Kxe6 35. Bc8+ Ke7 36. Bg4 Qxg1# 0-1

[Event "DEM U10 2011"]
[Site "Oberhof GER"]
[Date "2011.06.17"]
[Round "9"]
[White "Renger, Niklas"]
[Black "Reimann, Sebastian"]
[Result "1/2-1/2"]
[Termination "normal"]
[Board "8"]
[WhiteElo "1452"]
[BlackElo "1442"]
[PlyCount "71"]
[WhiteFideId "12908096"]
[BlackFideId "12928054"]
[EventCountry "GER"]
[EventRounds "11"]
[EventType "swiss"]
[EventDate "2011.06.11"]

1. e4 e5 2. Nf3 Nc6 3. d4 exd4 4. Bc4 Nf6 5. O-O Nxe4 6. Re1 d5 7. Bxd5 Qxd5 8.
Nc3 Qh5 9. Nxe4 Be6 10. Bg5 h6 11. Bh4 Be7 12. Bxe7 Nxe7 13. Qxd4 O-O 14. Qc5
Qxc5 15. Nxc5 Nd5 16. Nxe6 fxe6 17. Rxe6 Nb4 18. h3 Nd5 19. Kh2 Rf7 20. a3 Raf8
21. Rd1 Nf4 22. Re3 c6 23. Rde1 Nd5 24. Re8 Rxe8 25. Rxe8+ Rf8 26. Rxf8+ Kxf8
27. Kg3 Ke7 28. Nd2 Nb6 29. Kf3 Ke6 30. b3 Nd7 31. Ne4 b6 32. Ke3 Nf8 33. f4 a6
34. g3 Nd7 35. a4 a5 36. c4 1/2-1/2

[Event "DEM U10 2011"]
[Site "Oberhof GER"]
[Date "2011.06.17"]
[Round "9"]
[White "Mantel, Ruben"]
[Black "Piskaykin, Bogdan"]
[Result "1-0"]
[Termination "normal"]
[Board "10"]
[WhiteElo "1437"]
[BlackElo "1329"]
[PlyCount "109"]
[WhiteFideId "12930121"]
[BlackFideId "12941212"]
[EventCountry "GER"]
[EventRounds "11"]
[EventType "swiss"]
[EventDate "2011.06.11"]

1. Nc3 d5 2. e4 d4 3. Nce2 e5 4. Nf3 f6 5. Ng3 Be6 6. Bb5+ c6 7. Ba4 Qa5 8. Bb3
Bxb3 9. cxb3 Ne7 10. O-O d3 11. Ne1 Na6 12. Nxd3 Qb5 13. Ne1 g6 14. Ne2 h5 15.
Nc3 Qb4 16. Nc2 Qb6 17. d3 Bh6 18. Bxh6 Rxh6 19. Qe2 Rh7 20. Ne3 Kf7 21. Nc4
Qc7 22. Qe3 b5 23. Nd2 Nb4 24. Rac1 Qd7 25. f4 Qxd3 26. Qxd3 Nxd3 27. Rb1 Nxf4
28. Nf3 Kg7 29. Rbd1 Rhh8 30. Rd7 Kf7 31. g3 Ke8 32. Rfd1 Ne6 33. R7d6 Kf7 34.
Nxe5+ fxe5 35. Rf1+ Kg7 36. Rxe6 Rhe8 37. Rxe5 Rad8 38. Rf2 b4 39. Ne2 Rd1+ 40.
Kg2 Ra1 41. Nd4 Rc1 42. Kh3 g5 43. g4 hxg4+ 44. Kxg4 Rg1+ 45. Kf3 g4+ 46. Ke2
Rb1 47. Ne6+ Kg8 48. Rg5+ Kh8 49. Kd3 Rd1+ 50. Kc2 Rh1 51. Rh5+ Kg8 52. Rf6 g3
53. Rg5+ Kh7 54. Rg7+ Kh8 55. Rh6# 1-0

[Event "DEM U10 2011"]
[Site "Oberhof GER"]
[Date "2011.06.17"]
[Round "9"]
[White "Wong, Gengchun"]
[Black "Wierzbicki, Jirawat"]
[Result "0-1"]
[Termination "normal"]
[Board "11"]
[WhiteElo "1337"]
[BlackElo "1405"]
[PlyCount "142"]
[WhiteFideId "12963283"]
[BlackFideId "1153579"]
[EventCountry "GER"]
[EventRounds "11"]
[EventType "swiss"]
[EventDate "2011.06.11"]

1. e4 e5 2. Nf3 Nc6 3. Bb5 a6 4. Bxc6 dxc6 5. O-O Qd6 6. h3 f6 7. d4 Be6 8.
dxe5 fxe5 9. Ng5 Qxd1 10. Rxd1 Ke7 11. Be3 h6 12. Bc5+ Kf6 13. Nxe6 Kxe6 14.
Bxf8 Rxf8 15. Nd2 Nf6 16. f3 Rd8 17. Nb3 b6 18. a4 a5 19. Kf2 Nh5 20. g3 Rhf8
21. c4 Nf6 22. Ke3 Nh5 23. Kf2 Ke7 24. c5 Nf6 25. Ke3 Nh7 26. h4 Nf6 27. Rac1
Rxd1 28. Rxd1 Rd8 29. Rxd8 Kxd8 30. cxb6 cxb6 31. Nd2 Nd7 32. Nc4 g5 33. h5 Kc7
34. b3 Kd8 35. Kd3 Ke7 36. Kc3 Ke6 37. Kd3 Nc5+ 38. Kc3 Nd7 39. Ne3 Nf6 40. Nf5
Nxh5 41. g4 Nf4 42. Kd2 h5 43. Ng7+ Ke7 44. Nxh5 Nxh5 45. gxh5 Kf7 46. Ke2 Kg7
47. f4 gxf4 48. Kf3 Kh6 49. Kg4 b5 50. axb5 cxb5 51. Kf5 f3 52. Kxe5 f2 53. Kd6
f1=Q 54. e5 a4 55. bxa4 bxa4 56. e6 Qf8+ 57. Kd7 a3 58. e7 Qf7 59. Kd8 Qxe7+
60. Kxe7 a2 61. Kf6 a1=Q+ 62. Kf7 Kxh5 63. Ke6 Qd4 64. Kf5 Qe3 65. Kf6 Kg4 66.
Kf7 Qe5 67. Kg6 Qf5+ 68. Kg7 Kh5 69. Kh8 Kg6 70. Kg8 Qf7+ 71. Kh8 Qh7# 0-1

[Event "DEM U10 2011"]
[Site "Oberhof GER"]
[Date "2011.06.17"]
[Round "9"]
[White "Schnabel, Bennett"]
[Black "Savchenko, Daniel"]
[Result "0-1"]
[Termination "normal"]
[Board "12"]
[WhiteElo "1289"]
[BlackElo "1411"]
[PlyCount "52"]
[WhiteFideId "12943290"]
[BlackFideId "12919195"]
[EventCountry "GER"]
[EventRounds "11"]
[EventType "swiss"]
[EventDate "2011.06.11"]

1. d4 d5 2. Nf3 c5 3. c3 Nf6 4. e3 Qc7 5. Bd3 Nbd7 6. Nbd2 e5 7. dxe5 Nxe5 8.
Nxe5 Qxe5 9. O-O Bd6 10. Nf3 Qh5 11. Re1 O-O 12. h3 Bc7 13. Nd2 Qe5 14. Nf3 Qd6
15. Bd2 Ne4 16. Rc1 c4 17. Bb1 Bd7 18. Re2 Rfe8 19. b3 b5 20. b4 Re6 21. Kf1
Rf6 22. Re1 Nxf2 23. Qe2 Nxh3 24. gxh3 Bxh3+ 25. Kg1 Rxf3 26. e4 Rg3+ 0-1

[Event "DEM U10 2011"]
[Site "Oberhof GER"]
[Date "2011.06.17"]
[Round "9"]
[White "Hoffmann, Fabian"]
[Black "Stobbe, Frederik"]
[Result "1-0"]
[Termination "normal"]
[Board "13"]
[WhiteElo "1424"]
[BlackElo "1105"]
[PlyCount "113"]
[WhiteFideId "12964891"]
[EventCountry "GER"]
[EventRounds "11"]
[EventType "swiss"]
[EventDate "2011.06.11"]

1. e4 c5 2. Nf3 a6 3. d4 cxd4 4. Nxd4 e5 5. Nf3 Nc6 6. Bc4 h6 7. Be3 Nf6 8.
Nbd2 d5 9. exd5 Nxd5 10. Bxd5 Qxd5 11. O-O e4 12. Ne1 Ne5 13. f3 Bf5 14. fxe4
Bxe4 15. Rf4 Bg6 16. c4 Qc6 17. Qe2 Be7 18. Bd4 f6 19. Bxe5 Qe6 20. Nef3 fxe5
21. Qxe5 Qxe5 22. Nxe5 Bh5 23. Re1 O-O-O 24. Nf7 Bxf7 25. Rxe7 Rxd2 26. Rfxf7
Rxb2 27. Rxg7 Rf8 28. h3 Rxa2 29. Rxb7 Rg8 30. Rxg8+ Kxb7 31. Rg6 h5 32. Rf6
Ra1+ 33. Rf1 Rxf1+ 34. Kxf1 a5 35. Ke1 a4 36. Kd2 a3 37. Kc2 h4 38. Kb3 Kc6 39.
Kxa3 Kc5 40. Kb3 Kc6 41. Kc3 Kc5 42. Kd3 Kd6 43. Ke4 Kc5 44. Kf4 Kxc4 45. Kg4
Kd5 46. Kxh4 Ke6 47. g4 Kf7 48. g5 Kg7 49. Kg4 Kh8 50. h4 Kh7 51. Kf5 Kg7 52.
h5 Kh8 53. h6 Kh7 54. g6+ Kg8 55. g7 Kf7 56. Kg5 Kg8 57. Kf6 1-0

[Event "DEM U10 2011"]
[Site "Oberhof GER"]
[Date "2011.06.17"]
[Round "9"]
[White "Niemann, Alexander"]
[Black "Alekhanov, Jannis"]
[Result "0-1"]
[Termination "normal"]
[Board "14"]
[WhiteElo "1311"]
[BlackElo "1398"]
[PlyCount "130"]
[WhiteFideId "12939862"]
[BlackFideId "12921238"]
[EventCountry "GER"]
[EventRounds "11"]
[EventType "swiss"]
[EventDate "2011.06.11"]

1. e4 e5 2. Nf3 Nc6 3. Bc4 Be7 4. O-O Nf6 5. Nc3 O-O 6. d4 d6 7. d5 Na5 8. Bd3
c5 9. a3 b6 10. Bd2 a6 11. b4 Nb7 12. Ne2 c4 13. Bxc4 Nxe4 14. Bd3 Nxd2 15.
Qxd2 f5 16. Bc4 Qc7 17. Bb3 Bf6 18. Ng3 a5 19. Rad1 a4 20. Ba2 Nd8 21. Qe2 Nf7
22. Nd2 Qxc2 23. Bb1 Qb2 24. Nc4 Qxe2 25. Nxe2 Ba6 26. Rc1 Rac8 27. Ba2 Bg5 28.
Rc3 Rc7 29. Nxb6 Rxc3 30. Nxc3 Bxf1 31. Kxf1 Bc1 32. Ncxa4 Bxa3 33. b5 Rb8 34.
Bc4 Kh8 35. Ke1 Bb4+ 36. Kd1 Kg8 37. Kc2 Ba5 38. Nd7 Rb7 39. Ndc5 dxc5 40. Nxc5
Rc7 41. Kb3 Rxc5 42. d6 Rxc4 43. Kxc4 Nxd6+ 44. Kd5 Nxb5 45. Kxe5 g6 46. g4
fxg4 47. Kf4 Bc7+ 48. Kxg4 Bxh2 49. f4 Bxf4 50. Kxf4 h6 51. Kg4 Kf7 52. Kg3 Kf6
53. Kg2 g5 54. Kh1 h5 55. Kg1 g4 56. Kg2 h4 57. Kg1 Kf5 58. Kh1 Kf4 59. Kg1 Kf3
60. Kf1 g3 61. Kg1 h3 62. Kh1 Ke2 63. Kg1 Nd4 64. Kh1 Ke1 65. Kg1 Nf3+ 0-1

[Event "DEM U10 2011"]
[Site "Oberhof GER"]
[Date "2011.06.17"]
[Round "9"]
[White "Reimers, Kim"]
[Black "Pajeken, Jakob Leon"]
[Result "0-1"]
[Termination "normal"]
[Board "15"]
[WhiteElo "1386"]
[BlackElo "915"]
[PlyCount "110"]
[WhiteFideId "12930377"]
[BlackFideId "12942839"]
[EventCountry "GER"]
[EventRounds "11"]
[EventType "swiss"]
[EventDate "2011.06.11"]

1. e4 e5 2. Nf3 Nf6 3. Nc3 Nc6 4. Bb5 Bd6 5. O-O O-O 6. d3 h6 7. Be3 Re8 8. Qd2
Bf8 9. h3 d5 10. exd5 Nxd5 11. Nxd5 Qxd5 12. Bc4 Qd8 13. Rae1 Qf6 14. c3 Qg6
15. Kh1 Qh5 16. Nh2 b6 17. f4 Bb7 18. fxe5 Nxe5 19. Bb3 Ba6 20. Bc2 Bd6 21. Rf2
Ng6 22. b3 Bg3 23. Bd1 Qd5 24. Bf3 Qxd3 25. Qxd3 Bxd3 26. Bxa8 Bxf2 27. Bxf2
Rxa8 28. Rd1 Bf5 29. Kg1 Kf8 30. Re1 Re8 31. Rxe8+ Kxe8 32. Kf1 Kd7 33. Ke2 Ke6
34. Bg3 c6 35. Nf3 Bb1 36. a3 Ba2 37. Kd3 Bxb3 38. Nd4+ Kd5 39. Nxb3 b5 40. Nd2
a6 41. Bc7 Nh4 42. g3 Ng6 43. Ke3 f5 44. Kf3 Ne7 45. h4 Ke6 46. Ke3 Nd5+ 47.
Kd4 Nxc7 48. Kc5 Kd7 49. Nf3 Nd5 50. Nd4 Nxc3 51. Nxf5 Nb1 52. Nxg7 Kc7 53. Nf5
a5 54. Nxh6 Nd2 55. g4 Nb3# 0-1

[Event "DEM U10 2011"]
[Site "Oberhof GER"]
[Date "2011.06.17"]
[Round "9"]
[White "Muckle, Julius"]
[Black "Poetsch, Leonore"]
[Result "1/2-1/2"]
[Termination "normal"]
[Board "16"]
[WhiteElo "1357"]
[BlackElo "966"]
[PlyCount "100"]
[WhiteFideId "12942430"]
[BlackFideId "12940372"]
[EventCountry "GER"]
[EventRounds "11"]
[EventType "swiss"]
[EventDate "2011.06.11"]

1. d4 c5 2. d5 Nf6 3. c4 d6 4. Nc3 e5 5. e4 Be7 6. Bd3 Nbd7 7. Nge2 Nf8 8. O-O
Ng6 9. f4 exf4 10. Nxf4 Nxf4 11. Bxf4 O-O 12. e5 dxe5 13. Bxe5 b6 14. Ne4 Nxe4
15. Bxe4 Bd6 16. Bxd6 Qxd6 17. Bf5 g6 18. Bxc8 Raxc8 19. Qa4 Rc7 20. Rae1 Re7
21. Qd1 Rfe8 22. Rxe7 Rxe7 23. Re1 Rxe1+ 24. Qxe1 Kf8 25. Qe3 Qf6 26. Qf2 Qe7
27. Qd2 Qd6 28. g3 f6 29. Qf4 Qxf4 30. gxf4 Ke7 31. Kf2 Kd6 32. Ke3 f5 33. a3
h6 34. h4 Ke7 35. b4 Kd6 36. bxc5+ bxc5 37. Kd3 a5 38. a4 h5 39. Ke3 Ke7 40.
Kd3 Kd6 41. Kc3 Ke7 42. Kb3 Kd6 43. Ka2 Ke7 44. Ka1 Kd6 45. Kb1 Ke7 46. Ka1 Kd6
47. Kb2 Ke7 48. Kc3 Kd6 49. Kd2 Ke7 50. Ke3 Kd6 1/2-1/2

[Event "DEM U10 2011"]
[Site "Oberhof GER"]
[Date "2011.06.17"]
[Round "9"]
[White "Shen, Julian"]
[Black "Schneider, Jana"]
[Result "1/2-1/2"]
[Termination "normal"]
[Board "17"]
[WhiteElo "1273"]
[BlackElo "1347"]
[PlyCount "59"]
[WhiteFideId "12942898"]
[BlackFideId "12924997"]
[EventCountry "GER"]
[EventRounds "11"]
[EventType "swiss"]
[EventDate "2011.06.11"]

1. d4 d5 2. Nf3 Nf6 3. e3 Bf5 4. Bd3 Bxd3 5. cxd3 e6 6. Nc3 c5 7. dxc5 Bxc5 8.
d4 Bd6 9. O-O Nc6 10. Bd2 a6 11. Rc1 O-O 12. Re1 Nb4 13. Qe2 Ne4 14. a3 Nxc3
15. Bxc3 Nc6 16. e4 Re8 17. e5 Bc7 18. Bd2 Bb6 19. Be3 Rc8 20. Qd3 h6 21. b4
Ne7 22. Rxc8 Qxc8 23. Rc1 Qd7 24. h3 Rc8 25. Rc3 Rxc3 26. Qxc3 Qc6 27. Qxc6
Nxc6 28. Kf1 g5 29. g4 Kg7 30. Kg2 1/2-1/2

[Event "DEM U10 2011"]
[Site "Oberhof GER"]
[Date "2011.06.17"]
[Round "9"]
[White "Shoipov, Dennie"]
[Black "Zieschank, Leon"]
[Result "1-0"]
[Termination "normal"]
[Board "18"]
[WhiteElo "1336"]
[BlackElo "1236"]
[PlyCount "183"]
[WhiteFideId "14137755"]
[EventCountry "GER"]
[EventRounds "11"]
[EventType "swiss"]
[EventDate "2011.06.11"]

1. e4 e5 2. Nf3 Nc6 3. Nc3 Nf6 4. Bc4 Bc5 5. d3 O-O 6. Bg5 Be7 7. O-O d6 8. Be3
Bg4 9. h3 Be6 10. Bb3 Re8 11. Ne2 h6 12. Ng3 Bf8 13. Qd2 a6 14. c3 Qe7 15. Rfe1
Bxb3 16. axb3 Qe6 17. b4 Ne7 18. d4 Red8 19. d5 Qd7 20. Qc2 c6 21. c4 Rac8 22.
Qd3 cxd5 23. cxd5 Kh8 24. Bb6 Re8 25. b3 Kg8 26. Rec1 Kh8 27. Kh2 Kg8 28. Nh4
g6 29. Nf3 Bg7 30. Be3 Kh7 31. Nd2 Rc7 32. Nc4 Qb5 33. Qd2 Qd7 34. Bb6 Rcc8 35.
Ba5 Rb8 36. Nb6 Qb5 37. Nc4 Qd7 38. Bb6 Nc8 39. Be3 Ne7 40. Nb6 Qd8 41. Rc2 Nc8
42. Nxc8 Rxc8 43. Rac1 Qd7 44. Bb6 Kh8 45. Be3 Kh7 46. Rc4 Rxc4 47. bxc4 Rc8
48. c5 dxc5 49. bxc5 Bf8 50. Qb2 Bg7 51. Rb1 Bf8 52. Qb6 Ne8 53. Qxb7 Qxb7 54.
Rxb7 Kg8 55. c6 Nd6 56. Ra7 Ne8 57. Rxa6 Nc7 58. Rb6 Ne8 59. f4 Bd6 60. f5 g5
61. Nh5 Kh8 62. Rb7 Kg8 63. Rd7 Kf8 64. Kg3 Kg8 65. Kf3 Kf8 66. g4 Kg8 67. Nf6+
Nxf6 68. Rxd6 Kg7 69. Bd2 Ne8 70. Rd7 Nf6 71. Rb7 Ne8 72. Bc3 Kf8 73. Bxe5 f6
74. Bd4 Kg8 75. Ke3 Nd6 76. Rd7 Ne8 77. Kd3 Kh8 78. Kc4 Kg8 79. Re7 Nd6+ 80.
Kc5 Ne8 81. Rxe8+ Rxe8 82. c7 Rc8 83. Kb6 Kf7 84. Kb7 Re8 85. c8=Q Rxe4 86.
Qd7+ Re7 87. Qxe7+ Kxe7 88. Kc7 Kf7 89. d6 h5 90. d7 h4 91. d8=Q Kg7 92. Qxf6+
1-0

[Event "DEM U10 2011"]
[Site "Oberhof GER"]
[Date "2011.06.17"]
[Round "9"]
[White "ter Stal, Sven"]
[Black "Stein, Robert"]
[Result "0-1"]
[Termination "normal"]
[Board "19"]
[WhiteElo "1056"]
[BlackElo "1292"]
[PlyCount "92"]
[WhiteFideId "12946443"]
[BlackFideId "12921084"]
[EventCountry "GER"]
[EventRounds "11"]
[EventType "swiss"]
[EventDate "2011.06.11"]

1. e4 e5 2. Nf3 Nc6 3. d4 exd4 4. Bc4 Be7 5. Nxd4 Ne5 6. Bb3 Nf6 7. Nc3 d6 8.
O-O O-O 9. f4 Ng6 10. Qe2 Re8 11. Bd2 Bd7 12. Rae1 Bf8 13. Qf3 c5 14. Nde2 Bc6
15. Ng3 b5 16. a3 Re7 17. Ba2 Qc7 18. Nf5 Ree8 19. Qe2 Qb7 20. Ng3 Rad8 21. Qd3
a6 22. Re2 Qb6 23. Kh1 Qb7 24. Rfe1 Qc7 25. Nd5 Nxd5 26. Bxd5 Bxd5 27. Qxd5 h6
28. e5 dxe5 29. fxe5 Rxd5 30. Bc3 b4 31. Bd2 Rdxe5 32. Ne4 Qe7 33. Ng3 Rxe2 34.
Rxe2 Qd7 35. Rxe8 Qxe8 36. h3 Bd6 37. Nf5 Qe2 38. Nxd6 Qxd2 39. Nc4 Qxc2 40.
Ne3 Qc1+ 41. Kh2 Qxe3 42. g3 Qf2+ 43. Kh1 Qxb2 44. h4 bxa3 45. h5 a2 46. hxg6
a1=Q# 0-1

[Event "DEM U10 2011"]
[Site "Oberhof GER"]
[Date "2011.06.17"]
[Round "9"]
[White "Keymer, Vincent"]
[Black "Schröter, Ron"]
[Result "1-0"]
[Termination "normal"]
[Board "20"]
[WhiteElo "1192"]
[BlackElo "1291"]
[PlyCount "105"]
[WhiteFideId "12940690"]
[BlackFideId "12941727"]
[EventCountry "GER"]
[EventRounds "11"]
[EventType "swiss"]
[EventDate "2011.06.11"]

1. d4 d5 2. c4 e6 3. Nc3 Be7 4. Nf3 Nf6 5. Bf4 O-O 6. e3 Nbd7 7. cxd5 exd5 8.
Bd3 b6 9. O-O Bb7 10. Rc1 c5 11. dxc5 bxc5 12. b3 Ne4 13. Qc2 Ndf6 14. Rfd1
Nxc3 15. Qxc3 Rc8 16. Bf5 d4 17. Qb2 Bxf3 18. gxf3 Rc6 19. exd4 Qb6 20. d5 Nxd5
21. Rxd5 c4 22. Qb1 g6 23. Bg4 Bh4 24. Bg3 cxb3 25. Rxc6 Qxc6 26. Rd6 bxa2 27.
Qxa2 Qc5 28. Rd5 Qc1+ 29. Kg2 Bxg3 30. hxg3 Re8 31. Rd7 Rf8 32. Rxa7 Qg5 33.
Qa5 Qxa5 34. Rxa5 f5 35. Bh3 h5 36. g4 fxg4 37. fxg4 hxg4 38. Bxg4 Kg7 39. Kg3
Kh6 40. f4 Rf6 41. Rg5 Kh7 42. Bf3 Rf5 43. Rxf5 gxf5 44. Bd1 Kg6 45. Kh4 Kh6
46. Bc2 Kg6 47. Kg3 Kf6 48. Kf3 Ke6 49. Ke3 Kf6 50. Kd4 Ke6 51. Kc5 Kf6 52. Kd6
Kg6 53. Ke6 1-0

[Event "DEM U10 2011"]
[Site "Oberhof GER"]
[Date "2011.06.17"]
[Round "9"]
[White "Reuker, Jari"]
[Black "Schirra, Maurice"]
[Result "1-0"]
[Termination "normal"]
[Board "21"]
[WhiteElo "1647"]
[BlackElo "1226"]
[PlyCount "67"]
[WhiteFideId "12909300"]
[BlackFideId "12941115"]
[EventCountry "GER"]
[EventRounds "11"]
[EventType "swiss"]
[EventDate "2011.06.11"]

1. e4 e5 2. Nf3 Nf6 3. Ng1 Ng8 4. Nf3 Nf6 5. Nxe5 d6 6. Nf3 Nxe4 7. d4 d5 8.
Bd3 Bd6 9. O-O O-O 10. c4 c6 11. cxd5 cxd5 12. Nc3 Nxc3 13. bxc3 h6 14. Rb1 Nd7
15. Re1 Nf6 16. Bd2 Rb8 17. Qc1 h5 18. Bg5 Be7 19. Ne5 Re8 20. Nc6 Ba3 21. Nxd8
Bxc1 22. Rxe8+ Nxe8 23. Bxc1 Kf8 24. Bf4 Ra8 25. Nxb7 Bd7 26. Nd6 Nf6 27. f3
Ng8 28. Rb7 Be6 29. Bf5 Ne7 30. Bxe6 fxe6 31. Be5 g6 32. Bg7+ Kxg7 33. Rxe7+
Kf6 34. Re8 1-0

[Event "DEM U10 2011"]
[Site "Oberhof GER"]
[Date "2011.06.17"]
[Round "9"]
[White "Arnhold, Steffi"]
[Black "Bachmann, Jonas"]
[Result "1/2-1/2"]
[Termination "normal"]
[Board "23"]
[WhiteElo "1117"]
[BlackElo "1396"]
[PlyCount "120"]
[WhiteFideId "12931365"]
[BlackFideId "12922919"]
[EventCountry "GER"]
[EventRounds "11"]
[EventType "swiss"]
[EventDate "2011.06.11"]

1. e4 e5 2. Nf3 Nc6 3. d4 exd4 4. Bc4 Bc5 5. O-O d6 6. Re1 Bg4 7. h3 Bh5 8. Bf4
Nge7 9. Nbd2 O-O 10. Nb3 Bb4 11. Rf1 Ng6 12. Bg5 Bxf3 13. Bxd8 Bxd1 14. Raxd1
Raxd8 15. Nxd4 Nxd4 16. Rxd4 Bc5 17. Rd2 Rfe8 18. Re1 d5 19. Rxd5 Rxd5 20. Bxd5
c6 21. Bb3 Kf8 22. Kh2 Bxf2 23. Rf1 Rxe4 24. Rxf2 f6 25. Rd2 Ne5 26. Rd8+ Ke7
27. Ra8 a6 28. Kg3 f5 29. a3 f4+ 30. Kf2 Nc4 31. Ra7 Nd6 32. g3 Re3 33. gxf4
Rxh3 34. Ra8 Ne4+ 35. Ke2 h5 36. Rh8 Kf6 37. Rb8 Nc5 38. Rf8+ Kg6 39. Bf7+ Kh7
40. Bg8+ Kh6 41. Bf7 g6 42. Rg8 Rg3 43. b4 Nd7 44. f5 Ne5 45. Be8 h4 46. f6 Rf3
47. Rxg6+ Nxg6 48. Kxf3 Kg5 49. f7 Nf8 50. c3 Kf5 51. a4 h3 52. Kg3 Ke4 53.
Kxh3 Kd3 54. Kg4 Kxc3 55. Kg5 Kxb4 56. Kh6 Kxa4 57. Kg7 Ne6+ 58. Kf6 Nf8 59.
Kg7 Ne6+ 60. Kf6 Nf8 1/2-1/2

[Event "DEM U10 2011"]
[Site "Oberhof GER"]
[Date "2011.06.17"]
[Round "9"]
[White "Santos, Leonardo"]
[Black "Petersen, Marcel"]
[Result "0-1"]
[Termination "normal"]
[Board "24"]
[WhiteElo "1100"]
[BlackElo "1330"]
[PlyCount "96"]
[WhiteFideId "12965049"]
[BlackFideId "12935670"]
[EventCountry "GER"]
[EventRounds "11"]
[EventType "swiss"]
[EventDate "2011.06.11"]

1. e4 c5 2. Nf3 d6 3. d4 cxd4 4. Nxd4 Nf6 5. Nc3 g6 6. Be3 Bg7 7. Be2 O-O 8.
O-O Bd7 9. Qd2 Nc6 10. Nb3 Rc8 11. f4 Bg4 12. h3 Bxe2 13. Qxe2 Qc7 14. Rad1
Rfd8 15. f5 Ne5 16. Bf4 Nc4 17. Rb1 a6 18. Nd5 Nxd5 19. exd5 Nxb2 20. Qf2 Qxc2
21. Qxc2 Rxc2 22. fxg6 hxg6 23. Rfe1 Nd3 24. Rf1 Nxf4 25. Rxf4 Rxa2 26. Rbf1
Rf8 27. R1f3 a5 28. h4 b5 29. Rf2 Rxf2 30. Rxf2 a4 31. Na5 Bd4 32. Nc6 Bxf2+
33. Kxf2 Re8 34. Ke2 a3 35. Nb4 Ra8 36. h5 a2 37. Nc2 a1=Q 38. Nxa1 Rxa1 39.
hxg6 fxg6 40. g4 g5 41. Ke3 Rc1 42. Kf3 b4 43. Ke2 b3 44. Kf2 b2 45. Kg2 b1=Q
46. Kg3 Qb3+ 47. Kf2 Rc2+ 48. Ke1 Qb1# 0-1